<?xml version="1.0" encoding="UTF-8"?>
<marc:record xmlns:marc="http://www.loc.gov/MARC21/slim">
   <marc:leader>00000nam a2200000 a 4500</marc:leader>
   <marc:datafield ind1=" " ind2=" " tag="653">
      <marc:subfield code="a">ab 6 Jahren</marc:subfield>
   </marc:datafield>
   <marc:datafield ind1=" " ind2=" " tag="653">
      <marc:subfield code="a">Teil einer Reihe</marc:subfield>
   </marc:datafield>
   <marc:datafield ind1="0" ind2="0" tag="245">
      <marc:subfield code="a">Giratina und der Himmelsritte</marc:subfield>
   </marc:datafield>
   <marc:datafield ind1="1" ind2=" " tag="490">
      <marc:subfield code="a">Pokémon</marc:subfield>
      <marc:subfield code="v">11</marc:subfield>
   </marc:datafield>
   <marc:datafield ind1="1" ind2=" " tag="520">
      <marc:subfield code="a">Giratina ist das einzige Pokémon, das in der Gegenwelt lebt, einem unbekannten Nachbarbereich unserer Welt. Voller Wut über Palkias und Dialgas Störung von Raum und Zeit zerrt es Dialga in die Gegenwelt, um mit ihm zu kämpfen. Aber der Konflikt wird vom winzigen Shaymin, dem Dankbarkeits-Pokémon, beigelegt! Nachdem Shaymin die Gegenwelt verlassen und Ash und dessen Freunde getroffen hat, bittet Shaymin telepathisch um Hilfe, denn es möchte mit den anderen Shaymin im Blumengarten zusammen sein.&#xD;
FSK ab 0 freigegeben</marc:subfield>
   </marc:datafield>
   <marc:datafield ind1="3" ind2=" " tag="024">
      <marc:subfield code="a">4006448771089</marc:subfield>
   </marc:datafield>
   <marc:datafield ind1=" " ind2=" " tag="041">
      <marc:subfield code="a">ger</marc:subfield>
   </marc:datafield>
   <marc:datafield ind1=" " ind2=" " tag="338">
      <marc:subfield code="a">Videodisk</marc:subfield>
   </marc:datafield>
   <marc:datafield ind1=" " ind2=" " tag="300">
      <marc:subfield code="a">1 DVD</marc:subfield>
   </marc:datafield>
</marc:record>
